000 00387nam a2200145Ia 4500
008 151213s9999 xx 000 0 und d
100 _aEsrarul Haque Chowdhury
245 _aSpecific Relief Act
_cEsrarul Haque Chowdhury
260 _aDhaka
_bAl - Kakuly Press
_c2004
300 _a2085 p.
650 _aLaw
650 _aLaw
700 _aEsrarul Haque Chowdhury
999 _c1535
_d1535